| Tag |
First Indicator |
Second Indicator |
Subfields |
| LEADER |
00000cam a2200000 4500 |
| 001 |
in00000234321 |
| 005 |
20151010051346.0 |
| 008 |
740313s1971 nyua b 10000 eng d |
| 010 |
|
|
|a 74156671
|
| 035 |
|
|
|a (OCoLC)03241654
|
| 035 |
|
|
|9 ABB5652AM
|
| 040 |
|
|
|a DLC
|c DLC
|d TXA
|d UtOrBLW
|
| 043 |
|
|
|a n-us---
|
| 049 |
|
|
|a TXAM
|c [715710]
|
| 082 |
0 |
|
|a 371.9/7/97
|
| 090 |
|
|
|a E97
|b .I55 1971
|
| 111 |
2 |
|
|a Institute on the American Indian Student in Higher Education
|d (1971 :
|c St. Lawrence University)
|
| 245 |
1 |
0 |
|a Educating the educators ;
|b a report /
|c Roy H. Sandstrom, editor. Barbara K. Segal, associate editor.
|
| 264 |
|
1 |
|a [Canton, New York] :
|b St. Lawrence University,
|c [1971]
|
| 300 |
|
|
|a 96 pages :
|b illustrations ;
|c 28 cm.
|
| 336 |
|
|
|a text
|b txt
|2 rdacontent
|
| 337 |
|
|
|a unmediated
|b n
|2 rdamedia
|
| 338 |
|
|
|a volume
|b nc
|2 rdacarrier
|
| 504 |
|
|
|a Bibliography: pages 95-96.
|
| 650 |
|
0 |
|a Indians of North America
|x Education.
|
| 700 |
1 |
|
|a Sandstrom, Roy H.
|
| 700 |
1 |
|
|a Segal, Barbara K.
|
| 999 |
|
|
|a MARS
|
| 999 |
f |
f |
|s c3d3fa83-a92d-314a-9b55-0506e3879eb6
|i 86cdbc09-1989-360e-8cd1-e881d59a9a1c
|t 0
|
| 952 |
f |
f |
|p ric
|a Texas A&M University
|b Rellis Campus
|c Joint Library Facility
|d Remote Storage
|t 0
|e E97 .I55 1971
|h Library of Congress classification
|i unmediated -- volume
|m A14802135222
|
| 998 |
f |
f |
|a E97 .I55 1971
|t 0
|l Remote Storage
|